000 00884nam a2200217Ia 4500
003 GCL
008 140319s9999 xx 000 0 ara d
040 _aGCL /
_cGCL
082 0 4 _a811.9
_bا د
100 1 _aاحمد محمد عبيد
245 1 0 _aدراسات فى الشعر العربى القديم /
_cاحمد محمد عبيد
250 _aالاولى
260 _aبيروت :
_bمؤسسة الانتشار العربى ،
_c2001
300 _a163 ص ؛
_c20 سم
650 0 4 _aالمعلقات
650 0 4 _aالشعر العربى - تاريخ ونقد - العصر الجاهلى
650 0 4 _aالشعر العربى - تاريخ ونقد - العصر العباسى الأول
650 0 4 _aالشعر العربى - تاريخ ونقد - العصر الاموى
650 0 4 _aالشعر العربى - تاريخ - صدر الاسلام
942 _2ddc
_cBK
999 _c8048
_d8048